Online Catalogue and eLibrary

Tea and Solidarity (Record no. 5897)

MARC details
000 -LEADER
fixed length control field 00556nam a22001817a 4500
005 - DATE AND TIME OF LATEST TRANSACTION
control field 20240613033818.0
008 - FIXED-LENGTH DATA ELEMENTS--GENERAL INFORMATION
fixed length control field 240613b |||||||| |||| 00| 0 eng d
020 ## - INTERNATIONAL STANDARD BOOK NUMBER
ISBN 9786245529070
082 ## - DDC Classification
DDC Edition Number 22
Class No. 331
Item Number - Author Mark TEA
100 ## - MAIN ENTRY--PERSONAL NAME
Personal name Mythri Jegathesan
245 ## - TITLE STATEMENT
Title Tea and Solidarity
Remainder of title Tamil Women and work in postwar Sri Lanka
Statement of responsibility, etc. Mythri Jegathesan
260 ## - PUBLICATION, DISTRIBUTION, ETC.
Place of publication, distribution, etc. Colombo
Name of publisher, distributor, etc. Tambapanni Academic Publishers
Date of publication, distribution, etc. 2023
300 ## - PHYSICAL DESCRIPTION
Extent (e.g. Volumes, Pages etc.) xxvii, 261 p .,
650 ## - SUBJECT ADDED ENTRY--TOPICAL TERM
Topical term or geographic name entry element Women tea plantation workers
650 ## - SUBJECT ADDED ENTRY--TOPICAL TERM
Topical term or geographic name entry element Tamil - Sri Lanka Social
650 ## - SUBJECT ADDED ENTRY--TOPICAL TERM
Topical term or geographic name entry element Malaiyah Tamil
942 ## - Koha item type (Biblio)
Koha item type Books in Stacks (Lending)
Holdings
Lost status Damaged status Collection code Home library Current library Date acquired Full call number Accession Number Item type
    Lending WERC Library WERC Library 06/13/2024 331 TEA 7092 Books in Stacks (Lending)

© WERC Library